[Event "Bicaz City Cup 2020"]
[Site "Bicaz ROU"]
[Date "2020.03.08"]
[Round "7.6"]
[White "Andronescu, Madalin"]
[Black "Tablan, Matei-Christian"]
[Result "1-0"]
[WhiteElo "2148"]
[BlackElo "1858"]
[PlyCount "65"]
[EventDate "2020.03.05"]

1. e4 e6 2. d4 d5 3. Nc3 dxe4 4. Nxe4 Nd7 5. Nf3 Ngf6 6. Bd3 Nxe4 7. Bxe4 Nf6
8. Bd3 c5 9. O-O cxd4 10. Nxd4 Bd6 11. Nb5 Bb8 12. Bg5 a6 13. Nc3 Qc7 14. g3
Qe5 15. Ne4 Bd7 16. Bf4 Qd5 17. c4 Qc6 18. Nxf6+ gxf6 19. Bxb8 Rxb8 20. Qh5 f5
21. Rfe1 O-O 22. Rad1 Rbd8 23. Qg5+ Kh8 24. Qf6+ Kg8 25. Bf1 Qc7 26. Rd4 Bc6
27. Rh4 Rd7 28. Rh5 Re8 29. Rxf5 Qd8 30. Rg5+ Kf8 31. Qg7+ Ke7 32. Rxe6+ Kxe6
33. Qe5# 1-0

[Event "Bicaz City Cup 2020"]
[Site "Bicaz ROU"]
[Date "2020.03.07"]
[Round "5.18"]
[White "Pitigoi, Sabina-Andreea"]
[Black "Tablan, Matei-Christian"]
[Result "0-1"]
[WhiteElo "1687"]
[BlackElo "1858"]
[PlyCount "154"]
[EventDate "2020.03.05"]

1. Nf3 c5 2. c4 e6 3. Nc3 Nc6 4. g3 g6 5. Bg2 Bg7 6. O-O Nge7 7. d3 d6 8. Bd2
O-O 9. a3 a6 10. Qc2 Rb8 11. Rfb1 b5 12. cxb5 axb5 13. b4 c4 14. a4 cxd3 15.
Qxd3 bxa4 16. Rxa4 Ne5 17. Nxe5 Bxe5 18. b5 d5 19. Be3 Bd7 20. Rab4 Qa5 21. Bd4
Bxd4 22. Qxd4 Rfc8 23. e4 Qc7 24. R4b3 e5 25. Qb4 d4 26. Qxe7 dxc3 27. Rc1 Bxb5
28. Qxc7 Rxc7 29. Rbxc3 Rxc3 30. Rxc3 Be2 31. Rc1 Rb4 32. Re1 Bd3 33. f4 exf4
34. gxf4 f5 35. exf5 Bxf5 36. Rf1 Kg7 37. Rf2 Bg4 38. h3 Bf5 39. Kh2 Kf6 40.
Kg3 Rc4 41. Rf1 Be6 42. Rf2 Kf5 43. Rf1 Rc3+ 44. Rf3 Rc2 45. Ra3 Rc5 46. Re3
Kf6 47. Kh2 h6 48. Kg3 Bd5 49. Bxd5 Rxd5 50. h4 h5 51. Rf3 Rd1 52. Kg2 Kf5 53.
Rg3 Rd2+ 54. Kg1 Rd6 55. Rg5+ Kxf4 56. Kf2 Ra6 57. Ke2 Ra2+ 58. Kd3 Rh2 59.
Rxg6 Rxh4 60. Ra6 Rh2 61. Ra4+ Kf3 62. Ra8 Rf2 63. Rf8+ Kg3 64. Rg8+ Kh3 65.
Ke3 Rf7 66. Ke2 h4 67. Ke1 Kh2 68. Ke2 h3 69. Ke1 Rf3 70. Ke2 Rg3 71. Ra8 Kg2
72. Rf8 h2 73. Rf2+ Kh3 74. Rf1 Rg1 75. Rf8 h1=Q 76. Rh8+ Kg4 77. Rxh1 Rxh1 0-1

[Event "Bicaz City Cup 2020"]
[Site "Bicaz ROU"]
[Date "2020.03.06"]
[Round "3.5"]
[White "Baltag, I."]
[Black "Tablan, Matei-Christian"]
[Result "1-0"]
[WhiteElo "2391"]
[BlackElo "1858"]
[PlyCount "105"]
[EventDate "2020.03.05"]

1. Nf3 e6 2. g3 d5 3. Bg2 f5 4. O-O Nf6 5. d3 Bd6 6. Nbd2 e5 7. e4 fxe4 8. dxe4
d4 9. Nxd4 exd4 10. e5 Bxe5 11. Re1 O-O 12. Rxe5 Nbd7 13. Re1 a5 14. Nf3 c5 15.
c3 dxc3 16. Qb3+ Kh8 17. Qxc3 Nd5 18. Qc4 N5b6 19. Qb5 c4 20. Be3 Ra6 21. Rad1
Qc7 22. Ng5 Nf6 23. Bf4 Bd7 24. Qxa6 Qxf4 25. Qxa5 Qf5 26. Qxf5 Bxf5 27. Rd8
Rxd8 28. Nf7+ Kg8 29. Nxd8 Bd3 30. Nxb7 Na4 31. b3 cxb3 32. axb3 Nc3 33. Bf1
Be4 34. Nc5 Bd5 35. Bc4 Kf8 36. Bxd5 Nfxd5 37. Nd3 Nb5 38. Re5 Ndc3 39. Nc5 Kf7
40. Kg2 Nc7 41. Ne4 N3d5 42. f4 h6 43. Kf3 Nb4 44. Nd6+ Kf8 45. Rc5 Ne6 46. Rc4
Nc6 47. Ke4 Na5 48. Rc8+ Ke7 49. b4 Nb3 50. Nf5+ Kf6 51. Rc6 Kf7 52. Rxe6 Kxe6
53. Nd4+ 1-0

[Event "Bicaz City Cup 2020"]
[Site "Bicaz ROU"]
[Date "2020.03.06"]
[Round "2.20"]
[White "Tablan, Matei-Christian"]
[Black "Turcu, Vasile-Emanoil"]
[Result "1-0"]
[WhiteElo "1858"]
[BlackElo "1504"]
[PlyCount "48"]
[EventDate "2020.03.05"]

1. e4 e5 2. Nf3 Nf6 3. Nxe5 d6 4. Nf3 Nxe4 5. Nc3 Nxc3 6. dxc3 Be7 7. Be3 Nd7
8. Bd3 Nf6 9. h3 Bd7 10. Qd2 c6 11. O-O-O Qc7 12. Rde1 O-O 13. c4 Rae8 14. Bf4
c5 15. Rxe7 Rxe7 16. Bxd6 Qxd6 17. Bxh7+ Kxh7 18. Qxd6 Rfe8 19. Rd1 b6 20. b3
Re2 21. Qf4 Kg8 22. Rd6 R8e6 23. Rxe6 Bxe6 24. Ng5 Bd7 1-0

[Event "Campionatele Nationale pe echipe de jun"]
[Site "Iasi"]
[Date "2019.07.17"]
[Round "5.1"]
[White "Plugaru, Rares"]
[Black "Tablan, Matei-Christian"]
[Result "1-0"]
[WhiteElo "2037"]
[BlackElo "1665"]
[PlyCount "76"]
[EventDate "2019.07.13"]
[EventType "team"]
[EventRounds "5"]
[WhiteTeam "Cs Capablanca Iasi"]
[BlackTeam "Csm Bucuresti"]

1. d4 e6 2. g3 f5 3. Bg2 Nf6 4. Nf3 d5 5. c4 c6 6. O-O Bd6 7. Nbd2 O-O 8. Ne1
Nbd7 9. Nd3 b6 10. f3 f4 11. Nxf4 Bxf4 12. gxf4 Nh5 13. e3 c5 14. dxc5 bxc5 15.
cxd5 exd5 16. Nb3 d4 17. Qd3 Bb7 18. exd4 c4 19. Qxc4+ Kh8 20. Qb5 Rf6 21. Qxh5
Rh6 22. Qg5 Qe8 23. Nc5 Rg6 24. Qh4 Nxc5 25. dxc5 Rh6 26. Qf2 Qh5 27. h3 Bc8
28. f5 Rf6 29. f4 Rb8 30. Qf3 Qh6 31. c6 Bxf5 32. c7 Rg8 33. Be3 Rc6 34. Kh2
Be6 35. Rad1 Bg4 36. Qf2 Qh5 37. Rd8 Rh6 38. Qg3 Bf3 1-0

[Event "Campionatele Nationale pe echipe de jun"]
[Site "Iasi"]
[Date "2019.07.16"]
[Round "4.1"]
[White "Tablan, Matei-Christian"]
[Black "Olariu, Luca-Stefan"]
[Result "0-1"]
[WhiteElo "1665"]
[BlackElo "2017"]
[PlyCount "62"]
[EventDate "2019.07.13"]
[EventType "team"]
[EventRounds "5"]
[WhiteTeam "Csm Bucuresti"]
[BlackTeam "Csu Bucuresti"]

1. e4 c5 2. Nf3 Nc6 3. d4 cxd4 4. Nxd4 g6 5. c4 Nf6 6. Nc3 Nxd4 7. Qxd4 d6 8.
Be2 Bg7 9. Be3 O-O 10. Qd2 a5 11. Rb1 a4 12. O-O Qa5 13. f3 Be6 14. Nd5 Qxd2
15. Nxe7+ Kh8 16. Bxd2 Rfe8 17. Nd5 Nxd5 18. cxd5 Bxd5 19. Bb5 Re5 20. Bc3 Bxa2
21. Bxe5 Bxe5 22. Ra1 Bb3 23. Rab1 Ra5 24. Bd3 b5 25. Rfc1 Kg7 26. Rc8 Ba2 27.
Ra1 Be6 28. Rb8 Bxb2 29. Rb1 a3 30. Rxb5 Rxb5 31. Bxb5 a2 0-1

[Event "Campionatele Nationale pe echipe de jun"]
[Site "Iasi"]
[Date "2019.07.15"]
[Round "3.1"]
[White "Tablan, Matei-Christian"]
[Black "Ghimpu, Samuel-Timotei"]
[Result "0-1"]
[WhiteElo "1665"]
[BlackElo "2193"]
[PlyCount "72"]
[EventDate "2019.07.13"]
[EventType "team"]
[EventRounds "5"]
[WhiteTeam "Csm Bucuresti"]
[BlackTeam "Acs Smart Galati A"]

1. e4 d6 2. d4 Nf6 3. Nc3 g6 4. Be2 Bg7 5. Be3 O-O 6. h4 c5 7. d5 a6 8. a4 Qb6
9. Ra2 e6 10. Kf1 Qb4 11. f3 exd5 12. exd5 Nh5 13. Qe1 Re8 14. Bf2 Nf4 15. g3
Nxe2 16. Ngxe2 Bf5 17. Qd2 Rxe2 18. Qxe2 Bxc3 19. bxc3 Qb1+ 20. Kg2 Qxa2 21.
Qe8+ Kg7 22. h5 gxh5 23. g4 Bxg4 24. fxg4 Qxd5+ 25. Kg1 hxg4 26. Qd8 b5 27. a5
Ra7 28. Rh4 h5 29. c4 Nc6 30. cxd5 Nxd8 31. Rxh5 f6 32. Kg2 Re7 33. Kg3 Re4 34.
Rh4 f5 35. Rh5 Kg6 36. Rh4 Nf7 0-1

[Event "Campionatele Nationale pe echipe de jun"]
[Site "Iasi"]
[Date "2019.07.14"]
[Round "2.1"]
[White "Dobrin, Ionut-Alexandru"]
[Black "Tablan, Matei-Christian"]
[Result "1-0"]
[WhiteElo "2142"]
[BlackElo "1665"]
[PlyCount "65"]
[EventDate "2019.07.13"]
[EventType "team"]
[EventRounds "5"]
[WhiteTeam "Acs Smart Galati B"]
[BlackTeam "Csm Bucuresti"]

1. d4 Nf6 2. c4 e5 3. dxe5 Ng4 4. Bf4 Nc6 5. Nf3 Bb4+ 6. Nbd2 Qe7 7. a3 Ngxe5
8. Nxe5 Nxe5 9. e3 Bxd2+ 10. Qxd2 d6 11. Qc3 O-O 12. c5 Ng6 13. cxd6 cxd6 14.
Bg3 f5 15. Bc4+ Be6 16. O-O d5 17. Ba2 Rac8 18. Qd4 Rfd8 19. h4 f4 20. Bxf4
Nxh4 21. Rac1 Rc6 22. Bb1 Bh3 23. Rxc6 bxc6 24. Bg3 Nxg2 25. Rc1 Qf7 26. Be4 c5
27. Qd2 Re8 28. Bxd5 Be6 29. Bxg2 h5 30. Rxc5 h4 31. Bxh4 Qg6 32. Bg3 Qf6 33.
Bd5 1-0

[Event "Campionatele Nationale pe echipe de jun"]
[Site "Iasi"]
[Date "2019.07.13"]
[Round "1.1"]
[White "Tablan, Matei-Christian"]
[Black "Padurariu, Mihai-Edward"]
[Result "0-1"]
[WhiteElo "1665"]
[BlackElo "2055"]
[PlyCount "70"]
[EventDate "2019.07.13"]
[EventType "team"]
[EventRounds "5"]
[WhiteTeam "Csm Bucuresti"]
[BlackTeam "Sah Club Galati"]

1. e4 e6 2. d4 d5 3. exd5 exd5 4. Nf3 Nf6 5. Bd3 Bg4 6. h3 Bh5 7. O-O Be7 8.
Re1 O-O 9. Bf4 c5 10. Nbd2 Nc6 11. dxc5 Bxc5 12. Nb3 Bb6 13. Be3 Bc7 14. Bc5
Re8 15. Rxe8+ Qxe8 16. Qe1 Ne4 17. Bxe4 dxe4 18. Nfd4 Qe5 19. g3 f5 20. Nxc6
bxc6 21. Bd4 Qe6 22. f4 (22. h4 Bb6 23. Qe3 Qc4 24. c3 Rd8 25. Re1 c5 26. Be5
Rd3 27. Qf4) 22... Bb6 23. Qe3 Qc4 24. c3 Rd8 25. Re1 c5 26. Be5 Rd3 27. Qf2
Qd5 28. Re3 Rd1+ 29. Kh2 a5 30. c4 Qxc4 31. Rc3 Qd5 32. g4 a4 33. gxh5 axb3 34.
Rg3 Rd2 35. Rxg7+ Kf8 0-1

[Event "Campionatele Nationale de sah pentru co"]
[Site "Calimanesti-Caciulata"]
[Date "2019.04.22"]
[Round "9.10"]
[White "Coca, Cristi-Iulian"]
[Black "Tablan, Matei-Christian"]
[Result "1-0"]
[WhiteElo "2137"]
[BlackElo "1697"]
[PlyCount "87"]
[EventDate "2019.04.15"]
[EventRounds "9"]

1. Nf3 g6 2. e4 Bg7 3. d4 d6 4. Nc3 Nd7 5. Bc4 e6 6. O-O Ne7 7. Be3 O-O 8. a4
a6 9. Qd2 d5 10. exd5 Nb6 11. Bb3 Nbxd5 12. Bg5 Bf6 13. Ne4 Bxg5 14. Qxg5 f6
15. Qd2 Nf5 16. Rfe1 b6 17. h4 Nd6 18. Ng3 c6 19. c4 Nc7 20. Rac1 Nf7 21. Qe3
Kg7 22. Bc2 Bb7 23. Rcd1 b5 24. b3 Nd6 25. Qd3 bxa4 26. bxa4 Nf5 27. Nxf5+ exf5
28. h5 Qd7 29. Nh4 Qd6 30. Qxf5 Bc8 31. hxg6 Bxf5 32. Nxf5+ Kxg6 33. Nxd6+ Kg5
34. Re7 Ne8 35. c5 Nxd6 36. cxd6 Rfd8 37. Rd3 f5 38. d7 Ra7 39. Rg3+ Kf6 40.
Rgg7 f4 41. Rgf7+ Kg5 42. Re5+ Kg4 43. f3+ Kh4 44. Rxh7+ 1-0

[Event "Campionatele Nationale de sah pentru co"]
[Site "Calimanesti-Caciulata"]
[Date "2019.04.21"]
[Round "8.8"]
[White "Tablan, Matei-Christian"]
[Black "Balan, Bogdan"]
[Result "0-1"]
[WhiteElo "1697"]
[BlackElo "2074"]
[PlyCount "120"]
[EventDate "2019.04.15"]
[EventRounds "9"]

1. e4 c5 2. Nf3 d6 3. c3 Nf6 4. Be2 Nc6 5. d4 cxd4 6. cxd4 Nxe4 7. d5 Qa5+ 8.
Nc3 Nxc3 9. bxc3 Ne5 10. O-O g6 11. Nxe5 dxe5 12. Rb1 a6 13. Be3 Bg7 14. Bb6
Qxa2 15. Rb4 O-O 16. Bc5 Rd8 17. Bc4 Qa3 18. Bb3 e6 19. Qf3 e4 20. Qf4 e5 21.
Qe3 Bf8 22. Bxf8 Rxf8 23. Qb6 Qb2 24. d6 Qxc3 25. Rc4 Qd3 26. Rd1 Qe2 27. Rc7
Be6 28. Rdc1 Bxb3 29. Qxb3 b5 30. Qd5 e3 31. fxe3 Qxe3+ 32. Kh1 Qd4 33. Qc6
Rad8 34. Rd7 e4 35. Rf1 Rxd7 36. Qxd7 e3 37. Qe7 e2 38. Rg1 Kg7 39. d7 Rd8 40.
Qxe2 Rxd7 41. h3 Qd5 42. Rf1 f5 43. Qb2+ Qd4 44. Qa2 Qc4 45. Qb2+ Qd4 46. Qa2
b4 47. Rb1 Qc3 48. Qa4 Rd4 49. Qxa6 f4 50. Qe6 f3 51. Qe7+ Kh6 52. Qf8+ Kh5 53.
g4+ Kh4 54. Rg1 Qe3 55. Qg7 h5 56. Qf6+ Kxh3 57. Qxg6 h4 58. Qf5 Qf4 59. Qc2
Rd2 60. Rg3+ Kxg3 0-1

[Event "Campionatele Nationale de sah pentru co"]
[Site "Calimanesti-Caciulata"]
[Date "2019.04.20"]
[Round "7.4"]
[White "Tablan, Matei-Christian"]
[Black "Ghimpu, Samuel-Timotei"]
[Result "0-1"]
[WhiteElo "1697"]
[BlackElo "2225"]
[PlyCount "86"]
[EventDate "2019.04.15"]
[EventRounds "9"]

1. d4 Nf6 2. c4 g6 3. g3 Bg7 4. Bg2 O-O 5. Nf3 d6 6. O-O Nc6 7. Nc3 e5 8. d5
Ne7 9. Qc2 Nh5 10. Ne1 h6 11. Bf3 f5 12. Bxh5 gxh5 13. f4 h4 14. e3 hxg3 15.
hxg3 Bd7 16. b3 Ng6 17. Bb2 Qe7 18. Nf3 Rae8 19. Rae1 e4 20. Nd2 Kf7 21. Kf2 h5
22. Ke2 Rh8 23. Rg1 Reg8 24. Kd1 Nf8 25. Rh1 h4 26. g4 fxg4 27. Ndxe4 g3 28.
Ng5+ Ke8 29. e4 Kd8 30. Qg2 Ng6 31. Ne6+ Bxe6 32. dxe6 Nxf4 33. Qd2 g2 34. Rhg1
Nxe6 35. Nd5 Qg5 36. Qc2 Bxb2 37. Qxb2 h3 38. Ne3 Qe5 39. Qa3 h2 40. Qxa7 Qd4+
41. Qxd4 Nxd4 42. Rxg2 Rxg2 43. Nxg2 h1=Q 0-1

[Event "Campionatele Nationale de sah pentru co"]
[Site "Calimanesti-Caciulata"]
[Date "2019.04.19"]
[Round "6.7"]
[White "Craciun, Alexandru-Emilian"]
[Black "Tablan, Matei-Christian"]
[Result "0-1"]
[WhiteElo "2136"]
[BlackElo "1697"]
[PlyCount "86"]
[EventDate "2019.04.15"]
[EventRounds "9"]

1. e4 e6 2. d3 c5 3. g3 Nc6 4. Bg2 g6 5. c4 Bg7 6. Nc3 d6 7. Nge2 Nge7 8. O-O
O-O 9. f4 Nd4 10. Be3 Nec6 11. Rb1 Rb8 12. a3 a5 13. Kh1 f5 14. Bd2 Bd7 15.
Nxd4 Nxd4 16. b4 axb4 17. axb4 b5 18. bxc5 dxc5 19. cxb5 Nxb5 20. e5 Re8 21.
Rf2 Qc7 22. h3 Bf8 23. Kh2 Kf7 24. Ra1 Bc6 25. Nxb5 Rxb5 26. Be3 Bxg2 27. Rxg2
Ra5 28. Rb1 Rb8 29. Rgb2 Rb4 30. Bd2 Rxb2 31. Rxb2 Ra3 32. Be3 Qd7 33. Rb3 Ra2+
34. Kg1 Qd5 35. Bf2 c4 36. Rc3 Rxf2 37. Kxf2 Bc5+ 38. Ke1 Bb4 39. Qc2 cxd3 40.
Qd2 Qe4+ 41. Kf1 Qe2+ 42. Qxe2 dxe2+ 43. Kxe2 Bxc3 0-1

[Event "Campionatele Nationale de sah pentru co"]
[Site "Calimanesti-Caciulata"]
[Date "2019.04.18"]
[Round "5.11"]
[White "Tablan, Matei-Christian"]
[Black "Antal, Andrei"]
[Result "1-0"]
[WhiteElo "1697"]
[BlackElo "1482"]
[PlyCount "61"]
[EventDate "2019.04.15"]
[EventRounds "9"]

1. d4 d5 2. Nf3 Nf6 3. e3 Bf5 4. Bd3 Bxd3 5. Qxd3 e6 6. Qb5+ Nc6 7. Qxb7 Nb4 8.
Qb5+ c6 9. Qe2 Qa5 10. O-O Ne4 11. a3 Qa4 12. b3 Qa5 13. c3 Na6 14. Nbd2 Nxd2
15. Nxd2 Be7 16. a4 O-O 17. b4 Qb6 18. Nb3 Rfc8 19. Bd2 Rab8 20. Qd3 f6 21.
Rfb1 Rb7 22. Rb2 Rcb8 23. Rab1 g6 24. e4 Kg7 25. Bf4 Rc8 26. Qe2 Bd8 27. Nc5
Nxc5 28. bxc5 Qxb2 29. Rxb2 Rxb2 30. Qxb2 g5 31. Qb7+ 1-0

[Event "Campionatele Nationale de sah pentru co"]
[Site "Calimanesti-Caciulata"]
[Date "2019.04.17"]
[Round "3.11"]
[White "Barbu, Simon-Alexandru"]
[Black "Tablan, Matei-Christian"]
[Result "0-1"]
[WhiteElo "1729"]
[BlackElo "1697"]
[PlyCount "42"]
[EventDate "2019.04.15"]
[EventRounds "9"]

1. Nf3 c5 2. d4 cxd4 3. Nxd4 Nc6 4. g3 Nf6 5. Bg2 g6 6. O-O Bg7 7. Nc3 O-O 8.
Nb3 d6 9. e4 Bg4 10. Ne2 a5 11. a4 Ne8 12. h3 Bd7 13. c3 e5 14. Be3 f5 15. Qd5+
Kh8 16. Rfd1 Qe7 17. Bc5 Be6 18. Bxd6 Nxd6 19. Qxd6 Qxd6 20. Rxd6 Bxb3 21. Rd7
Rf7 0-1

[Event "Campionatele Nationale de sah pentru co"]
[Site "Calimanesti-Caciulata"]
[Date "2019.04.17"]
[Round "4.7"]
[White "Secrieru, Andrei-Cristian"]
[Black "Tablan, Matei-Christian"]
[Result "1-0"]
[WhiteElo "1934"]
[BlackElo "1697"]
[PlyCount "85"]
[EventDate "2019.04.15"]
[EventRounds "9"]

1. d4 f5 2. c4 Nf6 3. Nf3 g6 4. g3 Bg7 5. Bg2 O-O 6. O-O d6 7. Nc3 e6 8. Qc2 d5
9. b3 c6 10. Rd1 Nbd7 11. Bf4 Ne4 12. Ne5 g5 13. Nxd7 Bxd7 14. Nxe4 fxe4 15.
Bd6 Rf6 16. Qd2 Be8 17. Be5 Rf7 18. Bxg7 Rxg7 19. f3 exf3 20. exf3 Bg6 21. Re1
Qf6 22. Re5 h6 23. Rae1 Bf7 24. Qb4 dxc4 25. Qxb7 Rd8 26. bxc4 Rxd4 27. Qxc6
Rd1 28. Rxd1 Qxe5 29. Qa8+ Kh7 30. Qxa7 Be8 31. Qf2 Rc7 32. Bf1 Rf7 33. Bd3+
Kg7 34. Qe2 Qc5+ 35. Kg2 Rf6 36. Qe4 Bg6 37. Qb7+ Rf7 38. Qb2+ Kh7 39. Bxg6+
Kxg6 40. Qc2+ Kg7 41. Qc3+ Kf8 42. Qh8+ Ke7 43. Qd8# 1-0

[Event "Campionatele Nationale de sah pentru co"]
[Site "Calimanesti-Caciulata"]
[Date "2019.04.16"]
[Round "2.14"]
[White "Tablan, Matei-Christian"]
[Black "Paun, Paul-Stelian"]
[Result "1/2-1/2"]
[WhiteElo "1697"]
[BlackElo "1394"]
[PlyCount "119"]
[EventDate "2019.04.15"]
[EventRounds "9"]

1. e4 e5 2. Nf3 Nc6 3. Bb5 Bc5 4. c3 d6 5. d4 exd4 6. cxd4 Bb4+ 7. Bd2 Bxd2+ 8.
Nbxd2 Bd7 9. O-O Nge7 10. a3 O-O 11. d5 Ne5 12. Bxd7 Nxf3+ 13. Nxf3 Qxd7 14.
Qb3 b6 15. Rac1 Rac8 16. Nd4 c5 17. dxc6 Nxc6 18. Qa4 Ne5 19. Qxd7 Nxd7 20. Nf5
Rxc1 21. Rxc1 Nc5 22. f3 Rd8 23. b4 Ne6 24. Rc6 g6 25. Nxd6 Kg7 26. Nc4 Rd3 27.
Kf2 b5 28. Ne3 Rxa3 29. Nd5 a5 30. bxa5 Rxa5 31. Rb6 Ra2+ 32. Kg3 Rb2 33. Kh3
Rb3 34. Kg3 Nc5 35. Kf2 Rb2+ 36. Ke3 Rxg2 37. Rxb5 Ne6 38. h3 g5 39. Rb1 Rh2
40. Rg1 Rxh3 41. e5 h6 42. Kf2 Rh2+ 43. Ke3 Ra2 44. Rc1 Ra3+ 45. Ke4 Ra4+ 46.
Ke3 Ra3+ 47. Ke4 Ra4+ 48. Ke3 Ra5 49. Ke4 Nc5+ 50. Ke3 Nb3 51. Rd1 Nc5 52. Ne7
Ne6 53. Nf5+ Kg6 54. Ne7+ Kh7 55. Ke4 Ra7 56. Nd5 Kg7 57. Rc1 Ra4+ 58. Ke3 Rd4
59. Nc7 Ra4 60. Nd5 {Remiza la mutarea 119} 1/2-1/2

[Event "Campionatele Nationale de sah pentru co"]
[Site "Calimanesti-Caciulata"]
[Date "2019.04.15"]
[Round "1.6"]
[White "Isfan, Ioan-Marius"]
[Black "Tablan, Matei-Christian"]
[Result "1-0"]
[WhiteElo "2110"]
[BlackElo "1697"]
[PlyCount "113"]
[EventDate "2019.04.15"]
[EventRounds "9"]

1. d4 e6 2. Nf3 f5 3. g3 Nf6 4. Bg2 Be7 5. O-O O-O 6. b3 d5 7. Ba3 Bxa3 8. Nxa3
Ne4 9. c4 c6 10. Nc2 Nd7 11. Nce1 Ng5 12. Nd2 Qf6 13. e3 b6 14. Nd3 Bb7 15. Nf4
b5 16. Qc1 Nb6 17. cxb5 cxb5 18. Qc5 Rfc8 19. Qxb5 Rc2 20. Qd3 Rac8 21. Nc4
Nxc4 22. Qxc2 Nxe3 23. Qxc8+ Bxc8 24. fxe3 Nf7 25. Rfc1 Qd8 26. Rc6 Nd6 27.
Rac1 g5 28. Rxd6 Qxd6 29. Rxc8+ Kf7 30. Nd3 Qa6 31. Rc7+ Kg8 32. Bf1 Qxa2 33.
Re7 Qxb3 34. Rxa7 Qb6 35. Ra8+ Kg7 36. Kf2 f4 37. gxf4 gxf4 38. Nxf4 e5 39.
dxe5 Qb2+ 40. Be2 Qxe5 41. Rd8 Qf6 42. h3 Qh4+ 43. Kf3 Qe1 44. Rxd5 Qh1+ 45.
Kf2 Qh2+ 46. Ke1 Qg1+ 47. Kd2 Qa1 48. Bd3 h6 49. Rd7+ Kf8 50. Ne6+ Ke8 51. Bb5
Qa5+ 52. Kd1 Qa1+ 53. Ke2 Qb2+ 54. Ke1 Qb4+ 55. Kf2 Qh4+ 56. Ke2 Qh5+ 57. Kd2
1-0

[Event "Campionatele Nationale de sah pentru co"]
[Site "Calimanesti-Caciulata"]
[Date "2018.04.03"]
[Round "9.9"]
[White "Costin, Alexandru"]
[Black "Tablan, Matei-Christian"]
[Result "1/2-1/2"]
[WhiteElo "1944"]
[BlackElo "1625"]
[PlyCount "96"]
[EventDate "2018.03.27"]
[EventRounds "9"]

1. d4 f5 2. Qd3 d5 3. g4 e6 4. gxf5 exf5 5. Nf3 Nf6 6. Bg5 Be7 7. Bh3 Ne4 8.
Bxe7 Qxe7 9. c3 c6 10. Nbd2 Na6 11. Qc2 Be6 12. Nxe4 fxe4 13. Bxe6 Qxe6 14. Ne5
Nc5 15. O-O-O Nd7 16. Nxd7 Qh6+ 17. Kb1 Kxd7 18. f3 Rhe8 19. Rhf1 Qg6 20. fxe4
Qxe4 21. Rf7+ Re7 22. Qxe4 dxe4 23. Rxe7+ Kxe7 24. Rf1 Rf8 25. Rxf8 Kxf8 26.
Kc1 Ke7 27. Kd2 Ke6 28. Ke3 Kf5 29. c4 g5 30. d5 cxd5 31. cxd5 Ke5 32. d6 Kxd6
33. Kxe4 Ke6 34. Kd4 Kd6 35. e4 h6 36. e5+ Ke6 37. Ke4 a5 38. Kd4 h5 39. Ke4 b5
40. Kd4 h4 41. Ke4 h3 42. Kf3 Kxe5 43. Kg4 Kf6 44. Kxh3 Kf5 45. Kg3 g4 46. Kh4
Kf4 47. Kh5 Kf5 48. Kh6 Kf6 1/2-1/2

[Event "Campionatele Nationale de sah pentru co"]
[Site "Calimanesti-Caciulata"]
[Date "2018.04.02"]
[Round "8.13"]
[White "Musteata, Darius-Gabriel-Orla"]
[Black "Tablan, Matei-Christian"]
[Result "1/2-1/2"]
[WhiteElo "1680"]
[BlackElo "1625"]
[PlyCount "115"]
[EventDate "2018.03.27"]
[EventRounds "9"]

1. d4 d6 2. Bf4 g6 3. Nf3 Bg7 4. e3 Nf6 5. h3 Nbd7 6. Be2 O-O 7. O-O c5 8. c3
b6 9. Nbd2 Bb7 10. a4 Re8 11. Nc4 d5 12. Nce5 e6 13. Bg5 Qc7 14. Bb5 Nxe5 15.
Nxe5 Rec8 16. a5 a6 17. Bxf6 Bxf6 18. Nd7 axb5 19. Nxf6+ Kg7 20. axb6 Qxb6 21.
Nd7 Rxa1 22. Qxa1 Qd6 23. Nxc5 Bc6 24. Qd1 Ra8 25. Nd3 f6 26. Qb3 Qc7 27. Nb4
Bb7 28. f3 Qd6 29. Qc2 Rc8 30. Qd3 Qb6 31. e4 dxe4 32. fxe4 Rd8 33. Kh1 f5 34.
exf5 exf5 35. Qe3 Be4 36. Ra1 Re8 37. Qf4 Qb7 38. Qf2 Qe7 39. d5 Qg5 40. d6 Rd8
41. Ra7+ Kg8 42. d7 Qe7 43. Qd2 Qh4 44. Kg1 Qg3 45. b3 f4 46. Nd5 Bxd5 47.
Qxd5+ Kg7 48. Qe5+ Kh6 49. c4 Rf8 50. c5 Rf5 51. Qe2 Rd5 52. c6 Rd3 53. Qg4
Qe3+ 54. Kh2 Qg3+ 55. Kh1 Qe1+ 56. Kh2 Qg3+ 57. Kg1 Qe1+ 58. Kh2 1/2-1/2

[Event "Campionatele Nationale de sah pentru co"]
[Site "Calimanesti-Caciulata"]
[Date "2018.04.01"]
[Round "7.17"]
[White "Tablan, Matei-Christian"]
[Black "Dumbrava, Victor-Andrei"]
[Result "1-0"]
[WhiteElo "1625"]
[BlackElo "1490"]
[PlyCount "101"]
[EventDate "2018.03.27"]
[EventRounds "9"]

1. e4 c5 2. Nf3 e6 3. d4 cxd4 4. Nxd4 a6 5. Nc3 Nc6 6. Be2 Qc7 7. Nxc6 bxc6 8.
O-O d5 9. Re1 Be7 10. exd5 cxd5 11. Be3 Bd7 12. Bd4 Nf6 13. Bf3 Bc6 14. Bxf6
Bxf6 15. Bxd5 Rd8 16. Bxc6+ Qxc6 17. Qf3 Qxf3 18. gxf3 Rd2 19. Ne4 Rxc2 20.
Nxf6+ gxf6 21. Rac1 Rxc1 22. Rxc1 Kd7 23. Kf1 Rb8 24. b3 Rb5 25. Rc4 Rh5 26. h4
Re5 27. Rf4 f5 28. Ra4 a5 29. f4 Rd5 30. Ke2 Kc6 31. Rc4+ Kd6 32. Rc8 Rc5 33.
Rxc5 Kxc5 34. Kd3 Kb4 35. Kc2 Ka3 36. Kb1 f6 37. h5 e5 38. h6 e4 39. Ka1 Kb4
40. Kb2 a4 41. bxa4 Kxa4 42. a3 Kb5 43. Kb3 Kc5 44. a4 Kd4 45. a5 Kd3 46. a6
Ke2 47. a7 Kxf2 48. a8=Q e3 49. Qa7 Kf3 50. Kc2 Kxf4 51. Kd3 1-0

[Event "Campionatele Nationale de sah pentru co"]
[Site "Calimanesti-Caciulata"]
[Date "2018.03.31"]
[Round "6.9"]
[White "Vilcu, Matei-Stefan"]
[Black "Tablan, Matei-Christian"]
[Result "1-0"]
[WhiteElo "2005"]
[BlackElo "1625"]
[PlyCount "71"]
[EventDate "2018.03.27"]
[EventRounds "9"]

1. Nf3 g6 2. e4 Bg7 3. d4 d6 4. Nc3 Nd7 5. Be3 e6 6. Be2 Ne7 7. h3 O-O 8. Qd2
f5 9. Bh6 d5 10. exd5 exd5 11. h4 Nf6 12. Ne5 Ne4 13. Nxe4 fxe4 14. Bxg7 Kxg7
15. h5 Ng8 16. hxg6 hxg6 17. Qe3 Qf6 18. Qg3 Nh6 19. f3 Rh8 20. O-O-O Nf5 21.
Qf4 g5 22. Qd2 Rxh1 23. Rxh1 Ng3 24. Re1 Qf4 25. fxe4 dxe4 26. Bc4 Qxd2+ 27.
Kxd2 Bf5 28. Re3 Nh1 29. g4 Bc8 30. Ke1 b5 31. Bd5 c6 32. Bxc6 Rb8 33. Rh3 Bb7
34. Rxh1 Bxc6 35. Nxc6 Rc8 36. Nxa7 1-0

[Event "Campionatele Nationale de sah pentru co"]
[Site "Calimanesti-Caciulata"]
[Date "2018.03.30"]
[Round "5.15"]
[White "Tablan, Matei-Christian"]
[Black "Nicoara, David-Cristian"]
[Result "1-0"]
[WhiteElo "1625"]
[BlackElo "1450"]
[PlyCount "65"]
[EventDate "2018.03.27"]
[EventRounds "9"]

1. d4 d5 2. Nf3 c6 3. g3 Bg4 4. Bg2 e6 5. O-O Bd6 6. c4 Bxf3 7. Bxf3 f5 8. Nd2
Nf6 9. Bg2 O-O 10. f4 Nbd7 11. b3 Ne4 12. Nxe4 fxe4 13. Be3 Nf6 14. Bh3 Qe7 15.
Qe1 b6 16. Rc1 c5 17. Qc3 Rac8 18. Qa1 Rc7 19. g4 Nd7 20. g5 cxd4 21. Qxd4 Bc5
22. Qd2 Bxe3+ 23. Qxe3 Re8 24. cxd5 Rxc1 25. Rxc1 exd5 26. Rc7 Rd8 27. Qc3 Qe8
28. e3 Kf8 29. Bg4 Kg8 30. b4 Kf8 31. a3 Qf7 32. Rxd7 Rxd7 33. Qc8+ 1-0

[Event "Campionatele Nationale de sah pentru co"]
[Site "Calimanesti-Caciulata"]
[Date "2018.03.29"]
[Round "4.10"]
[White "Serban, Cristian Stefan"]
[Black "Tablan, Matei-Christian"]
[Result "1-0"]
[WhiteElo "1738"]
[BlackElo "1625"]
[PlyCount "53"]
[EventDate "2018.03.27"]
[EventRounds "9"]

1. d4 Nf6 2. c4 c5 3. d5 e6 4. Nc3 exd5 5. cxd5 d6 6. e4 g6 7. f4 Bg7 8. Bb5+
Nfd7 9. Be2 O-O 10. Nf3 Re8 11. Qc2 Bxc3+ 12. bxc3 Qe7 13. O-O f5 14. c4 fxe4
15. Ng5 Nf6 16. Bb2 h6 17. Qc3 Rf8 18. Rae1 Qg7 19. Nxe4 Ne8 20. Qc2 Qh7 21.
Ng3 Ng7 22. Bd3 Nf5 23. Nxf5 gxf5 24. Rf3 Kf7 25. Qe2 Bd7 26. Qe7+ Kg8 27. Rg3+
1-0